000 00303nam a22001217a 4500
082 _a823
_bDEP/M
100 _aDEPT OF EDUCATION, GOVT OF KERALA
245 _aMALAYALAM VENNAKALLINTE KADHA
260 _aTRIVANDRUM
_bSIET KERALA
300 _bMALAYALAM VCD
650 _aMALAYALAM VCD
_zKERALA
942 _cBK
999 _c7965
_d7965